|
|
|
|
| LEADER |
01263nam a22002537a 4500 |
| 003 |
GR-PaULI |
| 005 |
20250328101727.0 |
| 008 |
240918s2001 gr ||||| |||| 001 0 gre d |
| 020 |
|
|
|a 960818701X
|
| 040 |
|
|
|a GR-PaULI
|b gre
|c GR-PaULI
|e AACR2
|
| 041 |
1 |
|
|a gre
|h eng
|
| 082 |
0 |
4 |
|2 23
|a 320.011
|
| 100 |
1 |
|
|a Russell, Bertrand,
|d 1872-1970
|e συγγραφέας
|9 2114
|
| 245 |
1 |
0 |
|a Ισχύς :
|b μια νέα κοινωνική ανάλυση /
|c Bertrand Russell ; μετάφραση Γιώργος Κυριακόπουλος.
|
| 260 |
|
|
|a Αθήνα :
|b Ευρασία,
|c 2001.
|
| 300 |
|
|
|a 330, [4] σ. ;
|c 21 εκ.
|
| 500 |
|
|
|a Τίτλος πρωτοτύπου: Power: a new social analysis.
|
| 504 |
|
|
|a Περιλαμβάνει βιβλιογραφικές παραπομπές και ευρετήριο.
|
| 650 |
|
4 |
|a Εξουσία (Κοινωνικές επιστήμες)
|9 3675
|
| 700 |
1 |
|
|a Κυριακόπουλος, Γιώργος
|e μεταφραστής
|9 59119
|
| 765 |
0 |
8 |
|i Μετάφραση του:
|t Power: a new social analysis.
|
| 942 |
|
|
|2 ddc
|c BK
|
| 952 |
|
|
|0 0
|1 0
|2 ddc
|4 0
|6 320_011000000000000_RUS
|7 0
|9 383556
|a PTDE
|b PTDE
|d 2024-09-18
|i 13183
|l 0
|o 320.011 RUS
|p 025000211603
|r 2024-09-18 13:13:58
|t 1
|w 2024-09-18
|y BK15
|z Δωρεά
|
| 999 |
|
|
|c 222858
|d 222858
|